Southville International School and Colleges
Your cart is empty.
  • Cart
  • Lists
    Public lists Eva Luna New books Lux_list list_1
    Your lists Log in to create your own lists
  • Log in to your account
  • Your cookies
  • Search history
Southville International School and Colleges
  • Advanced search
  • Recent comments
  • Most popular
  • Libraries

Log in to your account

Log in with GOOGLE


If you do not have an external account, but do have a local account, you can still log in:

  1. Home
  2. MARC view: Dawson's creek suspense :
Normal view MARC view ISBD view

Dawson's creek suspense : (Record no. 11177)

[ view plain ]
MARC details
000 -LEADER
fixed length control field 00590nam a22002057a 4500
003 - CONTROL NUMBER IDENTIFIER
control field LC
005 - DATE AND TIME OF LATEST TRANSACTION
control field 20160316151620.0
008 - FIXED-LENGTH DATA ELEMENTS--GENERAL INFORMATION
fixed length control field 130913t xxu||||| |||| 00| 0 eng d
020 ## - INTERNATIONAL STANDARD BOOK NUMBER
International Standard Book Number 9780743416962
050 ## - LIBRARY OF CONGRESS CALL NUMBER
Classification number PS 648
Item number .W729 2001
082 ## - DEWEY DECIMAL CLASSIFICATION NUMBER
Classification number FIC
Item number W67m 2001
100 ## - MAIN ENTRY--PERSONAL NAME
Personal name Williamson, Kevin
9 (RLIN) 19214
245 ## - TITLE STATEMENT
Title Dawson's creek suspense :
Remainder of title mysterious boarder /
Statement of responsibility, etc Kevin Williamson.
260 ## - PUBLICATION, DISTRIBUTION, ETC. (IMPRINT)
Place of publication, distribution, etc New York :
Name of publisher, distributor, etc Pocket Pulse,
Date of publication, distribution, etc 2001.
300 ## - PHYSICAL DESCRIPTION
Extent 211 p. ;
Dimensions 18 cm.
650 ## - SUBJECT ADDED ENTRY--TOPICAL TERM
Topical term or geographic name as entry element Suspense.
9 (RLIN) 19215
650 ## - SUBJECT ADDED ENTRY--TOPICAL TERM
Topical term or geographic name as entry element Dawson's Creek (Television program)
942 ## - ADDED ENTRY ELEMENTS (KOHA)
Source of classification or shelving scheme Library of Congress Classification
Koha item type Books
Holdings
Withdrawn status Lost status Source of classification or shelving scheme Damaged status Home library Current library Shelving location Date acquired Total Checkouts Total Renewals Full call number Barcode Date last seen Date checked out Copy number Price effective from Koha item type
    Library of Congress Classification   Luxembourg Library Luxembourg Library Fiction Section 09/13/2013 1 4 PS 648 .W729 2001 11661 08/14/2015 08/08/2014 1 09/13/2013 Books

Dawson's creek suspense :

APA

Williamson K., . (2001). Dawson's creek suspense. New York: Pocket Pulse.

Chicago

Williamson Kevin, . 2001. Dawson's creek suspense. New York: Pocket Pulse.

Harvard

Williamson K., . (2001). Dawson's creek suspense. New York: Pocket Pulse.

MLA

Williamson Kevin, . Dawson's creek suspense. New York: Pocket Pulse. 2001.

  • Place hold
  • Print
  • Cite
  • Add to your cart (remove)
  • Save record
    BIBTEX Dublin Core MARCXML MARC (non-Unicode/MARC-8) MARC (Unicode/UTF-8) MARC (Unicode/UTF-8, Standard) MODS (XML) RIS
  • More searches
    Search for this title in:
    Other Libraries (WorldCat) Other Databases (Google Scholar) Online Stores (Bookfinder.com) Open Library (openlibrary.org)

Exporting to Dublin Core...

SOUTHVILLE LIBRARY

Southville International School and Colleges Library

1281 Tropical Ave. Cor. Luxembourg St., BF Homes International, Las Pinas City

Tel. No. 8256374 / 252358 Loc. 117/146

Powered by Koha